Statistics for Guess the NBA player

Click here to take the quiz!

General Stats

  • This quiz has been taken 21,189 times
    (21,183 since last reset)
  • The average score is 12 of 15

Answer Stats

Hint Answer % Correct
Lakers-24Kobe Bryant
96%
Heat-6LeBron James
95%
Knicks-7Carmelo Anthony
94%
Clippers-3Chris Paul
93%
Heat-3Dwayne Wade
91%
Thunder-35Kevin Durant
90%
Thunder-00Russell Westbrook
89%
Wizards-2John Wall
89%
Clippers-32Blake Griffin
84%
Suns-13Steve Nash
80%
Celtics-34Paul Pierce
78%
Magic-12Dwight Howard
73%
Timberwolves-42Kevin Love
67%
Trail Blazers-12Lamarcus Aldridge
57%
Knicks-17Jeremy Lin
45%

Score Distribution

Percentile by Number Answered

Percent of People with Each Score

Your Score History

You have not taken this quiz since the last reset